| 000 | 00651nam a2200205Ia 4500 | ||
|---|---|---|---|
| 003 | OSt | ||
| 005 | 20240910151358.0 | ||
| 008 | 240126s9999 xx 000 0 und d | ||
| 020 | _a9789381308745 | ||
| 040 | _c0 | ||
| 041 | _aEnglish | ||
| 082 | _a346.0436 GOU.1;1 R | ||
| 100 | _aGour, H S. Pasayat, Arijit. Lakshmanan, A R. | ||
| 245 | 0 | _aCommentary on the transfer of property Act, 1882 (act no.4 of 1882) also containing the real estate (regulation and development) act, 2016 Vol.1 (sections 1 to 60) | |
| 250 | _a14th ed. | ||
| 260 |
_bDelhi Law House _aNew Delhi |
||
| 300 | _acclxvi, 1320+I49 | ||
| 440 | _aNULL | ||
| 942 |
_cLL _2ddc |
||
| 999 |
_c280477 _d280477 |
||